000 00731nam a22001577a 4500
999 _c80395
_d80395
008 201130b ||||| |||| 00| 0 eng d
040 _bger
_cSTAFF
_erda
041 _ager
100 _aSchröder, Dietrich:
245 _aWieder Ansturm auf die Grenze:
_bEinkaufstourismus: Die Nachricht, dass ab Mittwoch Fahrten nach Polen zum Shoppen und Tanken untersagt sind, sorgte am Montag für Staus an Oder und Neiße. Auch Böller aus dem Nachbarland waren sehr gefragt /
_cDietrich Schröder
773 _dFrankfurt (Oder): Märkisches Verlags- und Druckhaus GmbH & Co KG
_g31. Jahrgang (2020) Nr. 292 vom 15.12.2020, S. 10.
_tMärkische Oderzeitung
942 _cA